Online
Catalog

Psiquiatría / (Record no. 34939)

MARC details
000 -CABECERA
campo de control de longitud fija 00944nam a2200205 a 4500
001 - NÚMERO DE CONTROL
campo de control 000035448
005 - FECHA Y HORA DE LA ÚLTIMA TRANSACCIÓN
campo de control 20200930074341.0
008 - DATOS DE LONGITUD FIJA--INFORMACIÓN GENERAL
campo de control de longitud fija 111031s1952 ag ac 000 0 spa d
040 ## - FUENTE DE LA CATALOGACIÓN
Centro catalogador/agencia de origen DO-SdBNP
Lengua de catalogación spa
Centro/agencia transcriptor BNPHU
082 ## - NÚMERO DE LA CLASIFICACIÓN DECIMAL DEWEY
Número de clasificación xxxx
Número de documento/Ítem M671p, 1952
049 ## - FONDOS LOCALES (OCLC)
Fondos de biblioteca BNGR
100 1# - ENTRADA PRINCIPAL--NOMBRE DE PERSONA
Nombre de persona Mira y López, E.
9 (RLIN) 61288
245 10 - MENCIÓN DE TÍTULO
Título Psiquiatría /
Mención de responsabilidad, etc. E. Mira y López.
250 ## - MENCIÓN DE EDICIÓN
Mención de edición 4a ed.
260 ## - PUBLICACIÓN, DISTRIBUCIÓN, ETC.
Lugar de publicación, distribución, etc. Buenos Aires :
Nombre del editor, distribuidor, etc. El Ateneo,
Fecha de publicación, distribución, etc. 1952.
300 ## - DESCRIPCIÓN FÍSICA
Extensión 3 v. :
Otras características físicas il, retr. ;
Dimensiones 26 cm.
500 ## - NOTA GENERAL
Nota general Incluye referencias bibliográficas.
505 0# - NOTA DE CONTENIDO CON FORMATO
Información miscelánea v. 1
Título Psicología médica y psicopatología --
Información miscelánea v. 2
Título Psiquiatría clínica /
Mención de responsabilidad R. Araña Íniguez,
-- J. Galeano,
-- Ramón Melgar,
-- Braulio A. Moyano --
Información miscelánea v. 3
Título Diagnóstico, asistencia, tratamiento y profilaxis psiquiátricos /
Mención de responsabilidad Abraham Mosovich,
-- Mario Yahn,
-- E. Mariz de Oliveira Neto,
-- Paulo F. de Barros,
-- Aloysio Mattos Pimenta.
590 ## - NOTA LOCAL (RLIN)
Nota local Perteneció a la biblioteca personal de Juan Isidro Jimenes Grullón
Holdings
Estado de retiro Estado de pérdida Restricciones de uso No para préstamo Código de colección Localización permanente Ubicación/localización actual Ubicación en estantería Fecha de adquisición Número de inventario Total de préstamos Signatura topográfica completa Código de barras Fecha visto por última vez Precio válido a partir de Tipo de ítem Koha Nota pública
      Excluido de préstamo Monografías: Libros y Folletos General General En catalogación 31.10.2011 LF1   v. 1 35448-10 25.06.2020 25.06.2020 No se presta Perteneció a la biblioteca personal de Juan Isidro Jimenes Grullón
      Excluido de préstamo Monografías: Libros y Folletos General General En catalogación 31.10.2011 LF1   v. 2 35448-20 25.06.2020 25.06.2020 No se presta Perteneció a la biblioteca personal de Juan Isidro Jimenes Grullón
      Excluido de préstamo Monografías: Libros y Folletos General General En catalogación 31.10.2011 LF1   v. 3 35448-30 25.06.2020 25.06.2020 No se presta Perteneció a la biblioteca personal de Juan Isidro Jimenes Grullón

Powered by Koha